书目信息 |
| 题名: |
标准员通用与基础知识
|
|
| 作者: | 胡兴福 , 刘传卿 主编 | |
| 分册: | ||
| 出版信息: | 北京 中国建筑工业出版社 2020.11 |
|
| 页数: | 226页 | |
| 开本: | 26cm | |
| 丛书名: | ||
| 单 册: | ||
| 中图分类: | TU711 | |
| 科图分类: | ||
| 主题词: | 建筑工程--标准化管理--职业培训--教材 | |
| 电子资源: | ||
| ISBN: | 978-7-112-17613-7 | |
| 000 | 01095nam0 2200265 45 | |
| 001 | 012001000983 | |
| 005 | 20140912132850.0 | |
| 010 | @a978-7-112-17613-7@dCNY38.00 | |
| 100 | @a20150319d2015 em y0chiy50 ea | |
| 101 | 0 | @achi |
| 102 | @aCN@b110000 | |
| 105 | @aa z 000yy | |
| 106 | @ar | |
| 200 | 1 | @a标准员通用与基础知识@Abiao zhun yuan tong yong yu ji chu zhi shi@b专著@f胡兴福,刘传卿主编 |
| 210 | @a北京@c中国建筑工业出版社@d2020.11 | |
| 215 | @a226页@c图@d26cm | |
| 300 | @a建筑与市政工程施工现场专业人员职业标准培训教材 | |
| 304 | @a建筑与市政工程施工现场专业人员职业标准培训教材编审委员会、中国建设教育协会组织编写 | |
| 330 | @a本书分为上下两篇。上篇通用知识包括:建设法规、建筑材料、建筑工程识图、建筑施工技术、施工项目管理,下篇基础知识包括:建筑构造、建筑结构、建筑设备、市政工程、工程质量控制、工程检测、施工组织设计。 | |
| 606 | 0 | @a建筑工程@x标准化管理@x职业培训@j教材 |
| 690 | @aTU711@v5 | |
| 701 | 0 | @a胡兴福@Ahu xing fu@f(1963 )@4主编 |
| 701 | 0 | @a刘传卿@Aliu chuan qing@f(1980 )@4主编 |
| 801 | 0 | @aCN@bBJSDL@c20211011 |
| 905 | @b1332578-81@dTU711@e1878@f4 | |
| 标准员通用与基础知识/胡兴福,刘传卿主编.-北京:中国建筑工业出版社,2020.11 |
| 226页:图;26cm |
| 建筑与市政工程施工现场专业人员职业标准培训教材 |
| ISBN 978-7-112-17613-7:CNY38.00 |
| 本书分为上下两篇。上篇通用知识包括:建设法规、建筑材料、建筑工程识图、建筑施工技术、施工项目管理,下篇基础知识包括:建筑构造、建筑结构、建筑设备、市政工程、工程质量控制、工程检测、施工组织设计。 |
| ● |
| 相关链接 |
|
|
|
|
正题名:标准员通用与基础知识
索取号:TU711/1878
 
预约/预借
| 序号 | 登录号 | 条形码 | 馆藏地/架位号 | 状态 | 备注 |
| 1 | 1332578 | 213325784 | 第二样本阅览室/ [索取号:TU711/1878] | 在馆 | |
| 2 | 1332579 | 213325793 | 第三借阅区/ [索取号:TU711/1878] | 在馆 | |
| 3 | 1332580 | 213325800 | 第三借阅区/ [索取号:TU711/1878] | 在馆 | |
| 4 | 1332581 | 213325819 | 第三借阅区/ [索取号:TU711/1878] | 在馆 |